000 00580nam a22001817a 4500
008 230405s2012 xxk||||| |||| 00| 0 eng d
041 _aeng
110 _aJCLI Contracts Forum
245 _aJCLI Landscape Works Contract 2012
_bJCLI LWC 2012
260 _aLondon,
_bJCLI Contracts Forum,
_c2012
300 _a42p.
500 _aThis amended contract is based on the JCT Minor building Works Contract 2011 Edition
500 _aSuperseded by later edition
650 _aLANDSCAPING
651 _aUnited Kingdom
710 _aJCLI Contracts Forum
942 _n0
999 _c121458
_d121458